000 00602nam a2200193Ia 4500
003 GCL
008 140319s9999 xx 000 0 ara d
040 _aGCL /
_cGCL
082 0 4 _a133.4
_bس ت
100 1 _aسرخوس قرشجيان
245 1 0 _aتعليم الالعاب السحرية (الخفية) والتنويم المغناطيسى /
_cسرخوس قرشجيان
260 _a[S.N] :
_bجروس برس ،
_c1988
300 _a191 ص
490 _a
650 0 4 _aالسحر
650 0 4 _aالتحليل النفسى
650 0 4 _aالتنويم المغناطيسى
942 _2ddc
_cBK
999 _c53220
_d53220